Responses for show #3180 - Friday, May 29, 1998

Lara Robillard game 4.

Contestants

[<< previous game]

Lo Bonfadini, an administrative assistant from Fort Lewis, Washington

Mark Johnson, a social studies teacher from Woodland Hills, California

Lara Robillard, a director of health policy from Arlington, Virginia (whose 3-day cash winnings total $38,800)

[next game >>]

Jeopardy! Round responses

PRESIDENTIAL BURIAL PLACES
(Alex: Oh boy, there's a light subject!)
ROCK AROUND THE SOLAR SYSTEM
SCHOOL DAZE
INDY 500 FLAGS
BRAIN MAUL!
"G" WHIZ!
    $100 1
Harry S. Truman

Lara
    $100 6
The Police

Mark
    $100 11
Recess

Lo
    $100 13
White flag

Lo
    $100 26
Huey

Lara
    $100 14
Gin & Tonic

Lo
    $200 2
John Quincy Adams

Lo
    $200 7
David Bowie

Lo
    $200 12
Asbestos

Mark
    $200 16
Stop

Mark
    $200 27
Giraffe

Mark
    $200 15
Garden path

Mark
    $300 3
Herbert Hoover

Triple Stumper
    $300 8
Freddie Mercury

Lo
    $300 18
Magnet schools

Lara
    $300 17
Yellow

Lara
    $300 28
Nicky Hilton

Lara
    $300 21
Glen

Mark
    $400 4
Calvin Coolidge

Lara
    $400 9
Ringo Starr (Richard Starkey)

Lara
    $400 19
Vouchers

Lara
    $400 22
Checkered flag

Lara
    $400 29
(Alex: We did it - we mauled your brain & the response is so easy - 5,280; yards times the feet in a yard)

5,280

Triple Stumper
    $400 23
Gluteus

Lara
    $500 5
(Lara: Who is Andrew Jackson?)

Andrew Johnson

LaraMark
    $500 10
Pluto

Lara
    $500 20
Parochial

Lara
    $500 25
Green flag

Lara
    $500 30
(M: What are New Jersey, New Mexico....(time))
(Alex: We really did maul your brain on that one; it's funny when things sound so simple & you drive yourself crazy trying to come up with it!)

New Hampshire, New Jersey, New Mexico & New York

LaraMark
    $500 24
Gunny

Lara

Scores at the first commercial break (after clue 15):

Lara Mark Lo
$900 $1,000 $1,000

Scores at the end of the Jeopardy! Round:

Lara Mark Lo
$5,100 $1,200 $1,000

Double Jeopardy! Round responses

THE CARIBBEAN
BOND GIRLS
SCIENCE & NATURE
GETTING A"HEAD"
TALES TO TELL
AT GREAT LENGTHS
    $200 5
Christopher Columbus

Mark
    $200 1
gold (in Goldfinger)

Lara
    $200 26
sunspots

Mark
    $200 8
headlines

Lara
    $200 16
2001: A Space Odyssey

Mark
    $200 21
100 yards

Mark
    $400 6
Jamaica

Lo
    $400 2
Tomorrow Never Dies

Lo
    $400 27
a zygote

Lara
    $400 9
overhead

Lara
    $400 17
Anne Rice

Lara
    $400 22
a shot put

Mark
    $600 11
(Mark: What is the Virgin Islands?)

Puerto Rico

LaraMark
    $600 3
Carey Lowell

Lara
    $600 28
a sea anemone

Lara
    $600 10
a hammerhead

Mark
    $600 18
Thomas Pynchon

Lara
    $600 23
a year

Lara
    $800 12
Trinidad & Tobago

Lara
    $800 4
Ursula Andress

Mark
    $800 29
the pistil

Lara
    $800 14
"head over heels in love"

Mark
    $1,000 19
Shortcuts

Lara
    $800 24
a knot (or nautical mile)

Lo
    $1000 13
(Mark: What is Martinique?)
(Lo: What is Antigua?)

St. Martin (or St. Maarten)

LaraMarkLo
    $1000 7
Lana Wood

Lo
    $1000 30
(Alex: Is that what you were going to say, Lara?)
(Lara: No, I was going to say UNIVAC.)
(Alex: Aren't you glad we ran out of time on that one?)

ENIAC (Electronic Numerical Integrator And Computer)

Triple Stumper
    $1000 15
headstones

Lara
    $1000 20
John Cheever

Lara
    $1,000 25
(Alex: Lo, before you decide on how much you're going to wager, I want to avoid us receiving a lot of mail on that last clue; a knot, ladies and gentlemen, is usually an indication of a speed measurement, but it is also, I believe, the third definition in "nautical mile".)

a parsec

Lo

Scores at the end of the Double Jeopardy! Round:

Lara Mark Lo
$15,300 $3,000 $3,600
(lock game)

[wagering suggestions for these scores]

Final Jeopardy! Round responses

WORLD LEADERS
MarkWhat is Hussein
$2,500
LoWhat is Saddam?
$2,500
LaraWhat is Hussein?
$5,000
Kim (Kim Dae Jung of South Korea & Kim Jong-il of North Korea)

Final scores:

Lara Mark Lo
$10,300 $500 $1,100
4-day champion: $49,100 3rd place: NordicTrack Ellipse Exercise Machine 2nd place: Trip to Loew's Coronado Bay Resort, Coronado, California

Game dynamics:

Coryat scores:

Lara Mark Lo
$15,100 $3,000 $3,600
31 R
(including 2 DDs),
1 W
15 R,
3 W
11 R
(including 1 DD),
1 W

Combined Coryat: $21,700

The J! Archive is created by fans, for fans. The Jeopardy! game show and all elements thereof, including but not limited to copyright and trademark thereto, are the property of Jeopardy Productions, Inc. and are protected under law. This website is not affiliated with, sponsored by, or operated by Jeopardy Productions, Inc. Join the discussion at JBoard.tv.